[Event "4NCL 2014-15"]
[Site "Hinckley Island ENG"]
[Date "2015.02.14"]
[Round "5.168"]
[White "Lauterbach, Ingrid"]
[Black "Steil-Antoni, Fiona"]
[Result "1/2-1/2"]
[WhiteTitle "WIM"]
[BlackTitle "WIM"]
[WhiteElo "2089"]
[BlackElo "2095"]
[WhiteTeam "Barbican 4NCL 2"]
[BlackTeam "Cheddleton 1"]
[WhiteFideId "405221"]
[BlackFideId "4001249"]
[EventDate "2014.11.15"]

1. Nf3 d5 2. g3 Nf6 3. Bg2 c6 4. d3 Bf5 5. O-O h6 6. Nbd2 e6 7. Re1 Be7 8. c3
O-O 9. Qb3 Qc7 10. e4 Bh7 11. e5 Nfd7 12. d4 c5 13. Nf1 Nc6 14. Be3 c4 15. Qd1
b5 16. b4 a5 17. a3 axb4 18. axb4 Qb7 19. Qd2 Rxa1 20. Rxa1 Ra8 21. Qb2 Rxa1 22.
Qxa1 Bxb4 23. cxb4 Nxb4 24. Ne1 Nc6 25. Bd2 b4 26. Ne3 Ndb8 27. Bf1 Qb6 28. Nxc4
dxc4 29. Bxc4 Na5 30. Bf1 Bg6 31. Qb2 Nbc6 32. Be3 Qd8 33. Bg2 Qb8 34. Bf1 Ne7
35. Nd3 Nd5 36. Bd2 Nc4 37. Qc1 Nxd2 38. Qxd2 Bxd3 39. Bxd3 b3 40. Qb2 Qb4 41.
Qa1 g6 42. Kg2 b2 43. Qa2 Qxd4 44. Qb3 Qxe5 45. h3 Qc3 46. Qb8+ Kg7 47. Be4 Qb4
48. Qe5+ f6 49. Qxe6 Ne7 50. Bb1 Qc5 51. Qe2 Qe5 52. Qc2 f5 53. Kf1 Nd5 54. Qc5
h5 55. h4 f4 56. gxf4 Qxf4 57. Qxd5 Qc1+ 58. Kg2 Qxb1 59. Qe5+ Kf7 60. Qd5+ Kf6
61. Qd6+ Kf7 1/2-1/2

[Event "4NCL 2014-15"]
[Site "Hinckley Island ENG"]
[Date "2015.02.14"]
[Round "5.171"]
[White "Tan, Justin2"]
[Black "Grund, Holger"]
[Result "1/2-1/2"]
[WhiteTitle "FM"]
[WhiteElo "2366"]
[BlackElo "2404"]
[WhiteTeam "Oxford 1"]
[BlackTeam "Grantham Sharks 1"]
[WhiteFideId "3206882"]
[BlackFideId "4624475"]
[EventDate "2014.11.15"]

1. e4 c6 2. d4 d5 3. exd5 cxd5 4. c4 Nf6 5. Nc3 e6 6. Nf3 Bb4 7. Bd3 dxc4 8.
Bxc4 O-O 9. O-O Nbd7 10. Qe2 Bxc3 11. bxc3 Qc7 12. a4 b6 13. Ba3 Re8 14. Ne5 Bb7
15. Rfc1 Nxe5 16. dxe5 Ne4 17. Bb5 Red8 18. Qe3 Rac8 19. f3 Nc5 20. Rd1 1/2-1/2

[Event "4NCL 2014-15"]
[Site "Hinckley Island ENG"]
[Date "2015.02.14"]
[Round "5.172"]
[White "Czakon, Jakub"]
[Black "Zakarian, David"]
[Result "0-1"]
[WhiteTitle "IM"]
[BlackTitle "FM"]
[WhiteElo "2479"]
[BlackElo "2394"]
[WhiteTeam "Grantham Sharks 1"]
[BlackTeam "Oxford 1"]
[WhiteFideId "1120840"]
[BlackFideId "13301276"]
[EventDate "2014.11.15"]

1. e4 Nc6 2. Nf3 d6 3. d4 Nf6 4. Nc3 g6 5. h3 Bg7 6. Be3 O-O 7. Bb5 a6 8. Bxc6
bxc6 9. Qd2 Rb8 10. O-O-O Re8 11. Bh6 Bh8 12. Qf4 c5 13. e5 Nh5 14. Qe3 Ng7 15.
g4 Ne6 16. dxc5 Bb7 17. Ne4 Bxe4 18. Qxe4 Nxc5 19. Qc4 Ne6 20. Rhe1 Qc8 21. Rd3
Rb5 22. Rde3 Qb7 23. b3 d5 24. Qe2 c5 25. Ng5 Nxg5 26. Bxg5 c4 27. Qf3 Qc7 28.
e6 f6 29. Bf4 Qc5 30. Be5 d4 31. Re4 cxb3 32. axb3 Rc8 33. R1e2 d3 34. Qxd3 fxe5
35. g5 Qd5 36. Rd2 Qxd3 37. Rxd3 Rb6 38. Rc4 Rf8 39. Rc7 Rxe6 40. Rdd7 Kf7 41.
f3 e4 42. f4 Rb8 43. Kd2 e3+ 44. Ke2 Rb4 45. Rd8 Bb2 46. Rcc8 Bg7 47. Rc4 Rxc4
48. bxc4 Rc6 0-1

[Event "4NCL 2014-15"]
[Site "Hinckley Island ENG"]
[Date "2015.02.14"]
[Round "5.173"]
[White "Martins, David Pires Tavares"]
[Black "Ghasi, Ameet K"]
[Result "1-0"]
[WhiteTitle "FM"]
[BlackTitle "IM"]
[WhiteElo "2284"]
[BlackElo "2471"]
[WhiteTeam "Oxford 1"]
[BlackTeam "Grantham Sharks 1"]
[WhiteFideId "1909991"]
[BlackFideId "409200"]
[EventDate "2014.11.15"]

1. d4 Nf6 2. Bg5 Ne4 3. Bf4 d6 4. Nd2 Bf5 5. Nxe4 Bxe4 6. f3 Bg6 7. e4 e6 8. Qd2
d5 9. Bd3 c5 10. Bxb8 Rxb8 11. Bb5+ Ke7 12. dxc5 dxe4 13. Qc3 Qc7 14. O-O-O Rd8
15. Ne2 a6 16. Ba4 f6 17. c6 bxc6 18. Bxc6 exf3 19. Qc5+ Kf7 20. Be8+ Rxe8 21.
Qxc7+ Re7 22. Qc6 fxe2 23. Rd8 Bh5 24. h3 f5 25. Qc4 g5 26. g4 Bg6 27. Qxe2 h5
28. Rf1 hxg4 29. hxg4 Rh4 30. gxf5 Bxf5 31. Qxa6 Rc7 32. Rxf8+ Kxf8 33. Qd6+ Re7
34. b4 Ke8 35. b5 Rc4 36. Rf2 Rd7 37. Qe5 Kd8 38. b6 Rd5 39. b7 1-0

[Event "4NCL 2014-15"]
[Site "Hinckley Island ENG"]
[Date "2015.02.14"]
[Round "5.174"]
[White "Roberson, Peter T"]
[Black "Rose, Matthew"]
[Result "1-0"]
[WhiteTitle "IM"]
[WhiteElo "2406"]
[BlackElo "2309"]
[WhiteTeam "Grantham Sharks 1"]
[BlackTeam "Oxford 1"]
[WhiteFideId "412384"]
[BlackFideId "407941"]
[EventDate "2014.11.15"]

1. e4 c5 2. c3 Nf6 3. e5 Nd5 4. Nf3 Nc6 5. Bc4 Nb6 6. Bb3 d6 7. exd6 e6 8. d4
cxd4 9. cxd4 Bxd6 10. O-O O-O 11. Nc3 Nd5 12. Re1 Be7 13. Bc2 g6 14. Bh6 Re8 15.
Qe2 Qb6 16. Bb3 Nxc3 17. bxc3 Bd7 18. d5 exd5 19. Bxd5 Qc5 20. Rad1 Rad8 21.
Bxf7+ Kxf7 22. Rxd7 1-0

[Event "4NCL 2014-15"]
[Site "Hinckley Island ENG"]
[Date "2015.02.14"]
[Round "5.175"]
[White "Harvey, Marcus R"]
[Black "Rendle, Thomas E"]
[Result "1/2-1/2"]
[WhiteTitle "FM"]
[BlackTitle "IM"]
[WhiteElo "2322"]
[BlackElo "2378"]
[WhiteTeam "Oxford 1"]
[BlackTeam "Grantham Sharks 1"]
[WhiteFideId "400092"]
[BlackFideId "408760"]
[EventDate "2014.11.15"]

1. b3 e6 2. Bb2 d5 3. Nf3 f5 4. e3 Nf6 5. h3 Bd6 6. g4 Qe7 7. gxf5 e5 8. d4 e4
9. Nh4 Qf7 10. c4 g5 11. Ng2 Bxf5 1/2-1/2

[Event "4NCL 2014-15"]
[Site "Hinckley Island ENG"]
[Date "2015.02.14"]
[Round "5.176"]
[White "Batchelor, Peter J"]
[Black "Altschuler, Jason"]
[Result "0-1"]
[WhiteElo "2312"]
[BlackElo "2060"]
[WhiteTeam "Grantham Sharks 1"]
[BlackTeam "Oxford 1"]
[WhiteFideId "424854"]
[BlackFideId "2005050"]
[EventDate "2014.11.15"]

1. d4 Nf6 2. Nf3 c5 3. g3 cxd4 4. Nxd4 Nc6 5. Bg2 g6 6. O-O Bg7 7. c4 h5 8. h4
Ng4 9. Nxc6 bxc6 10. Qc2 Qb6 11. c5 Qb4 12. a3 Qb5 13. Ra2 a5 14. a4 Qb7 15. Na3
Qa7 16. b3 O-O 17. Rd1 Ba6 18. e3 Rab8 19. Bd2 Qc7 20. Nc4 Bxc4 21. Qxc4 Rb7 22.
Qa6 Rxb3 23. Bxa5 Qe5 24. Qc4 Rxe3 25. Bd2 Nxf2 26. Kxf2 Qxg3+ 27. Kg1 Rd3 28.
Qe4 Bd4+ 29. Kh1 Bxc5 30. Rf1 Rd4 31. Be1 Qd6 32. Qe2 Bb6 33. Bf3 Bc7 34. Qg2
Rb8 35. a5 Rb1 36. Be4 Rxe1 37. Rxe1 Qf4 38. Rae2 Qxh4+ 39. Kg1 Bxa5 40. Rb1 Bb6
41. Kf1 Bc5 42. Bf3 Rd3 43. Rc2 Qf4 44. Rxc5 Rxf3+ 45. Ke1 Qe4+ 46. Kd2 Rd3+ 0-1

[Event "4NCL 2014-15"]
[Site "Hinckley Island ENG"]
[Date "2015.02.14"]
[Round "5.177"]
[White "Dickinson, Tim R"]
[Black "Williams, Samuel G"]
[Result "1-0"]
[WhiteElo "2102"]
[BlackElo "2263"]
[WhiteTeam "Oxford 1"]
[BlackTeam "Grantham Sharks 1"]
[WhiteFideId "405728"]
[BlackFideId "410977"]
[EventDate "2014.11.15"]

1. e4 d5 2. exd5 Qxd5 3. Nc3 Qd6 4. d4 c6 5. Bc4 Nf6 6. Nge2 Bf5 7. Bf4 Qb4 8.
Bb3 e6 9. O-O Nbd7 10. Ng3 Bg6 11. Bc7 Rc8 12. a3 Qe7 13. Be5 h5 14. Re1 Ng4 15.
h3 Ngxe5 16. dxe5 Rd8 17. Qe2 Qg5 18. Rad1 Bc5 19. Na4 Be7 20. c4 h4 21. Nf1 Rh5
22. Rd4 Bc5 23. Rxd7 Bxf2+ 24. Qxf2 Rxd7 25. Nc5 Re7 26. Qd4 Bf5 27. Rd1 f6 28.
exf6 gxf6 29. Qd8+ Kf7 30. Rd7 Rxd7 31. Qxd7+ Kf8 32. Nxe6+ Bxe6 33. Qxe6 Qc5+
34. Qe3 Qa5 35. Qd4 Rf5 36. Bc2 Re5 37. Qxh4 Ke7 38. Qd4 Re2 39. Bd3 Re1 40. c5 1-0

[Event "4NCL 2014-15"]
[Site "Hinckley Island ENG"]
[Date "2015.02.14"]
[Round "5.178"]
[White "Foisor, Mihaela-Veronica"]
[Black "Matta, Francesca"]
[Result "1-0"]
[WhiteTitle "WIM"]
[WhiteElo "2250"]
[BlackElo "1921"]
[WhiteTeam "Grantham Sharks 1"]
[BlackTeam "Oxford 1"]
[WhiteFideId "2270757"]
[BlackFideId "818780"]
[EventDate "2014.11.15"]

1. d4 d5 2. c4 dxc4 3. Nf3 Nd7 4. Nc3 Ngf6 5. Qa4 c6 6. Qxc4 Nb6 7. Qd3 Be6 8.
g3 Bc4 9. Qc2 a5 10. Bg2 e6 11. O-O Be7 12. Rd1 O-O 13. e4 Ba6 14. h4 Re8 15. e5
Nfd7 16. Ng5 Nf8 17. Be4 Bxg5 18. Bxg5 Qc7 19. h5 h6 20. Bf4 Rac8 21. Rac1 Qb8
22. Na4 Nd5 23. Nc5 Nb4 24. Nxa6 Nxa6 25. Qa4 Qc7 26. Bd2 Ra8 27. Qxa5 Qd7 28.
Qb6 Reb8 29. Bc3 Nc7 30. Qb3 Nd5 31. Bd2 Ra6 32. a3 Qe7 33. Bxd5 cxd5 34. Bb4
Qd7 35. Bd6 Rc8 36. Qb4 Rac6 37. Rxc6 Qxc6 38. Rd3 Qc1+ 39. Kg2 Qc4 40. Qxc4
Rxc4 41. Rb3 g6 42. Rxb7 Kg7 43. Bxf8+ Kxf8 44. hxg6 fxg6 45. b4 Rxd4 46. b5 Ke8
47. b6 Kd8 48. Rg7 Kc8 49. Rxg6 Ra4 50. Rxe6 Rxa3 51. Rd6 Kb7 52. e6 Ra8 53. f4
Rf8 54. Kf3 d4 55. Ke4 1-0

[Event "4NCL 2014-15"]
[Site "Hinckley Island ENG"]
[Date "2015.02.14"]
[Round "5.181"]
[White "Mladenov, Plamen"]
[Black "Fodor, Tamas Jr."]
[Result "0-1"]
[WhiteTitle "IM"]
[BlackTitle "GM"]
[WhiteElo "2377"]
[BlackElo "2486"]
[WhiteTeam "e2e4.org.uk 1"]
[BlackTeam "Hackney 1"]
[WhiteFideId "2906198"]
[BlackFideId "723762"]
[EventDate "2014.11.15"]

1. d4 e6 2. c4 b6 3. Nc3 Bb7 4. a3 f5 5. d5 Nf6 6. g3 Na6 7. Bg2 Bd6 8. Nf3 O-O
9. O-O Nc5 10. Nb5 a5 11. Nxd6 cxd6 12. Nd4 Qe7 13. a4 Rac8 14. Nb5 Ba6 15. dxe6
Bxb5 16. axb5 dxe6 17. Bd2 Nfe4 18. Be1 Rfd8 19. b4 axb4 20. Bxb4 Qf7 21. Bxc5
dxc5 22. Qc1 Nd2 23. Rd1 Nb3 24. Qg5 Qf6 25. Qxf6 gxf6 26. Rab1 Na5 27. Rdc1 Rd4
28. e3 Rxc4 29. Rd1 Rb4 30. Rbc1 c4 31. Rd6 Rxb5 32. Rxe6 c3 33. Bf1 Rb2 34. Bd3
Kf7 35. Rd6 Rc5 36. Rd7+ Ke6 37. Ra7 c2 38. Kg2 Rc3 0-1

[Event "4NCL 2014-15"]
[Site "Hinckley Island ENG"]
[Date "2015.02.14"]
[Round "5.182"]
[White "Suarez Garcia, Carlos"]
[Black "Rudd, Jack"]
[Result "1-0"]
[WhiteTitle "FM"]
[BlackTitle "IM"]
[WhiteElo "2376"]
[BlackElo "2247"]
[WhiteTeam "Hackney 1"]
[BlackTeam "e2e4.org.uk 1"]
[WhiteFideId "22230858"]
[BlackFideId "405736"]
[EventDate "2014.11.15"]

1. g3 g6 2. Bg2 Bg7 3. d4 Nf6 4. e4 d6 5. Nc3 O-O 6. Nge2 Nbd7 7. O-O c5 8. h3
cxd4 9. Nxd4 Qb6 10. Be3 Qxb2 11. Qd2 Ne5 12. Ncb5 Nc4 13. Qd3 Nxe3 14. Rfb1
Qxa1 15. Rxa1 Nxg2 16. Kxg2 Bd7 17. Rb1 e5 18. Nf3 Bc6 19. Nc3 Rad8 20. Rd1 d5
21. Nxe5 Nxe4 22. Nxc6 Nxc3 23. Nxd8 Nxd1 24. Qxd5 Nc3 25. Qd7 Nxa2 26. Nxb7 Nc3
27. Na5 a6 28. Qc6 h5 29. h4 Rd8 30. Nc4 a5 31. Qc7 Re8 32. Nd6 1-0

[Event "4NCL 2014-15"]
[Site "Hinckley Island ENG"]
[Date "2015.02.14"]
[Round "5.183"]
[White "Longson, Alexander"]
[Black "Eames, Robert S"]
[Result "1/2-1/2"]
[WhiteTitle "FM"]
[BlackTitle "FM"]
[WhiteElo "2339"]
[BlackElo "2237"]
[WhiteTeam "e2e4.org.uk 1"]
[BlackTeam "Hackney 1"]
[WhiteFideId "408093"]
[BlackFideId "408743"]
[EventDate "2014.11.15"]

1. e4 d6 2. d4 g6 3. Nc3 Bg7 4. Be3 a6 5. f4 b5 6. Bd3 Bb7 7. Nf3 Nd7 8. e5 e6
9. Ne4 Nb6 10. Qe2 Ne7 11. O-O-O Ned5 12. Bd2 Qd7 13. Kb1 O-O-O 14. h4 1/2-1/2

[Event "4NCL 2014-15"]
[Site "Hinckley Island ENG"]
[Date "2015.02.14"]
[Round "5.184"]
[White "Cenal Gutierrez, Ruben"]
[Black "Sowray, Peter J"]
[Result "0-1"]
[WhiteTitle "FM"]
[BlackTitle "FM"]
[WhiteElo "2216"]
[BlackElo "2308"]
[WhiteTeam "Hackney 1"]
[BlackTeam "e2e4.org.uk 1"]
[WhiteFideId "2211750"]
[BlackFideId "400971"]
[EventDate "2014.11.15"]

1. e4 e5 2. Nf3 Nc6 3. d4 exd4 4. Nxd4 Nf6 5. Nc3 Bb4 6. Nxc6 bxc6 7. e5 Qe7 8.
Qe2 Nd5 9. Bd2 Nxc3 10. bxc3 Bc5 11. f4 O-O 12. Be3 d5 13. Bd4 Bf5 14. Qf2 Bxd4
15. cxd4 Rab8 16. Qd2 f6 17. Bd3 fxe5 18. dxe5 Qc5 19. Rf1 Bxd3 20. cxd3 Qd4 21.
Rc1 Rb2 22. Rc2 Rb1+ 23. Rc1 Rfb8 24. Ke2 R1b2 0-1

[Event "4NCL 2014-15"]
[Site "Hinckley Island ENG"]
[Date "2015.02.14"]
[Round "5.185"]
[White "Jackson, James P"]
[Black "Holes, Michal"]
[Result "1/2-1/2"]
[WhiteTitle "FM"]
[WhiteElo "2313"]
[BlackElo "2041"]
[WhiteTeam "e2e4.org.uk 1"]
[BlackTeam "Hackney 1"]
[WhiteFideId "416860"]
[BlackFideId "329142"]
[EventDate "2014.11.15"]

1. e4 e5 2. Nf3 Nc6 3. Bb5 a6 4. Ba4 Nf6 5. O-O Be7 6. Re1 b5 7. Bb3 d6 8. c3
O-O 9. h3 Na5 10. Bc2 c5 11. d4 cxd4 12. cxd4 Bb7 13. Nbd2 Qc7 14. d5 Rac8 15.
Bd3 Nd7 16. Nf1 f5 17. Ng3 fxe4 18. Bxe4 Nf6 19. Bf5 Bxd5 20. Bxc8 Qxc8 21. Bg5
Bb7 22. Rc1 Qe6 23. b3 Nc6 24. Nd4 Nxd4 25. Qxd4 Ne4 26. Qb6 Bxg5 27. Qxb7 Nxg3 1/2-1/2

[Event "4NCL 2014-15"]
[Site "Hinckley Island ENG"]
[Date "2015.02.14"]
[Round "5.186"]
[White "Walker, Nicholas P"]
[Black "Burrows, Martin P"]
[Result "0-1"]
[WhiteElo "2170"]
[BlackElo "2136"]
[WhiteTeam "Hackney 1"]
[BlackTeam "e2e4.org.uk 1"]
[WhiteFideId "421901"]
[BlackFideId "409057"]
[EventDate "2014.11.15"]

1. e4 c5 2. Nf3 d6 3. d4 cxd4 4. Nxd4 Nf6 5. Nc3 a6 6. Be2 e5 7. Nb3 Be7 8. O-O
O-O 9. Be3 Be6 10. f3 Nbd7 11. a4 Qc7 12. a5 Rac8 13. Rf2 Qc6 14. Bd3 d5 15.
exd5 Nxd5 16. Nxd5 Bxd5 17. Bf5 Be6 18. Be4 Qc7 19. Qd3 Bc4 20. Qc3 f5 21. Bd3
Be6 22. Qxc7 Rxc7 23. Re2 Bf6 24. Bd2 g6 25. Rae1 Bd5 26. Bb4 Rfc8 27. Nd2 Nc5
28. Bc4 Bxc4 29. Nxc4 Ne6 30. Nb6 Rd8 31. Bc3 Nd4 32. Bxd4 Rxd4 33. c4 Bg7 34.
Kf2 Kf7 35. b3 Rd3 36. Re3 Rxe3 37. Kxe3 Bh6+ 38. Kd3 Re7 39. Nd5 Re8 40. g3 Bg7
41. Re2 h5 42. h3 Rh8 43. b4 h4 44. g4 e4+ 45. fxe4 fxg4 46. e5 Re8 47. Rf2+ Kg8
48. hxg4 Bxe5 49. Nf4 Rf8 50. Nh3 Rxf2 51. Nxf2 Bg3 52. Nh3 Be1 53. b5 Bxa5 54.
Ke4 Kf7 55. Kd5 Bc7 56. Ng5+ Ke7 57. Nh3 Kd7 58. Ng5 Bf4 59. Nh3 Be3 60. Ke4 Bc1
61. Nf2 Ba3 62. Kf4 Bd6+ 63. Kf3 a5 64. Nd3 b6 65. g5 a4 66. Kg4 a3 67. Nc1 Bg3
68. Nb3 Kd6 69. Kh3 a2 0-1

[Event "4NCL 2014-15"]
[Site "Hinckley Island ENG"]
[Date "2015.02.14"]
[Round "5.187"]
[White "Byron, Alan M"]
[Black "Tasker, Michael W"]
[Result "1/2-1/2"]
[WhiteElo "2188"]
[BlackElo "2088"]
[WhiteTeam "e2e4.org.uk 1"]
[BlackTeam "Hackney 1"]
[WhiteFideId "401773"]
[BlackFideId "408271"]
[EventDate "2014.11.15"]

1. e4 c5 2. Nf3 d6 3. d4 cxd4 4. Nxd4 Nf6 5. Nc3 Nc6 6. Bg5 e6 7. Qd2 Be7 8. Nb3
O-O 9. O-O-O Qb6 10. f3 Rd8 11. Nb5 Rd7 12. Qe1 Ne5 13. Bd2 Nc6 14. g4 a6 15.
Be3 Qd8 16. N5d4 Rc7 17. Nxc6 bxc6 18. Bb6 Nd7 19. Bxc7 Qxc7 20. Qa5 Qa7 21. Kb1
Ne5 22. Be2 c5 23. f4 Nc6 24. Qd2 a5 25. c3 a4 26. Nc1 Bb7 27. Rhf1 Rb8 28. a3
Na5 29. Bd3 d5 30. Ka2 dxe4 31. Be2 Bd5+ 32. Ka1 Qb6 33. Qc2 Nb3+ 34. Kb1 c4 35.
Nxb3 axb3 36. Qd2 Bc5 1/2-1/2

[Event "4NCL 2014-15"]
[Site "Hinckley Island ENG"]
[Date "2015.02.14"]
[Round "5.188"]
[White "Yurenok, Maria S"]
[Black "Norinkeviciute, Rasa"]
[Result "1/2-1/2"]
[WhiteTitle "WFM"]
[BlackTitle "WFM"]
[WhiteElo "2017"]
[BlackElo "2009"]
[WhiteTeam "Hackney 1"]
[BlackTeam "e2e4.org.uk 1"]
[WhiteFideId "409359"]
[BlackFideId "12801925"]
[EventDate "2014.11.15"]

1. d4 Nf6 2. c4 e6 3. Nc3 Bb4 4. Qc2 O-O 5. a3 Bxc3+ 6. Qxc3 d6 7. Bg5 Re8 8.
Nf3 Nbd7 9. e3 b6 10. Bd3 Bb7 11. Qc2 h6 12. h4 e5 13. dxe5 dxe5 14. Bf5 Qe7 15.
Bxf6 Nxf6 16. O-O-O Rad8 17. Rxd8 Rxd8 18. Rd1 Rxd1+ 19. Qxd1 c5 20. Qc2 e4 21.
Nd2 Qe5 22. Bh3 Qh2 23. Qd1 Qd6 24. g3 Nd7 25. Bxd7 Qxd7 26. Nb1 Qxd1+ 27. Kxd1
Kf8 28. Nc3 Ke7 29. b3 Ke6 30. a4 Bc6 31. Ke1 Ke5 32. Kd2 g5 33. hxg5 hxg5 34.
Ke2 f5 35. Kd2 Be8 36. Nb5 Bxb5 37. axb5 f4 38. g4 Ke6 39. Kc3 Ke5 40. Kd2 Ke6
41. Kc3 Ke5 1/2-1/2

[Event "4NCL 2014-15"]
[Site "Hinckley Island ENG"]
[Date "2015.02.15"]
[Round "6.111"]
[White "Wells, Peter K"]
[Black "Speelman, Jon S"]
[Result "1/2-1/2"]
[WhiteTitle "GM"]
[BlackTitle "GM"]
[WhiteElo "2457"]
[BlackElo "2501"]
[WhiteTeam "White Rose 1"]
[BlackTeam "Wood Green HK"]
[WhiteFideId "400327"]
[BlackFideId "400033"]
[EventDate "2014.11.15"]

1. d4 e6 2. e4 d5 3. Nc3 Nf6 4. Bg5 dxe4 5. Nxe4 Be7 6. Bxf6 gxf6 7. Nf3 b6 8.
Bc4 Bb7 9. Qe2 c6 10. Ng3 Qd6 11. O-O Nd7 12. Rfe1 Nf8 13. Ba6 Bxa6 14. Qxa6 Ng6
15. c4 O-O 16. Rad1 1/2-1/2

[Event "4NCL 2014-15"]
[Site "Hinckley Island ENG"]
[Date "2015.02.15"]
[Round "6.112"]
[White "Tari, Aryan"]
[Black "Adair, James R"]
[Result "1/2-1/2"]
[WhiteTitle "IM"]
[BlackTitle "IM"]
[WhiteElo "2493"]
[BlackElo "2421"]
[WhiteTeam "Wood Green HK"]
[BlackTeam "White Rose 1"]
[WhiteFideId "1510045"]
[BlackFideId "406252"]
[EventDate "2014.11.15"]

1. d4 Nf6 2. c4 c5 3. d5 b5 4. cxb5 a6 5. bxa6 g6 6. Nc3 Bg7 7. e4 O-O 8. Nf3
Qa5 9. Bd2 Bxa6 10. Be2 d6 11. O-O Bxe2 12. Qxe2 Qa6 13. Nb5 Nxe4 14. Qxe4 Qxb5
15. Qxe7 Qd7 16. Qh4 Ra4 17. Qg3 Bxb2 18. Rae1 Rg4 19. Qh3 Bf6 20. Bh6 Bg7 21.
Ng5 Ra4 22. Qxd7 Nxd7 23. Bxg7 Kxg7 24. Re7 Kf6 25. Rxd7 Kxg5 26. Rxd6 Rxa2 27.
Rc6 Rd2 28. Rxc5 Rd8 29. g3 R8xd5 1/2-1/2

[Event "4NCL 2014-15"]
[Site "Hinckley Island ENG"]
[Date "2015.02.15"]
[Round "6.113"]
[White "Palliser, Richard J D"]
[Black "Shaw, John"]
[Result "0-1"]
[WhiteTitle "IM"]
[BlackTitle "GM"]
[WhiteElo "2444"]
[BlackElo "2430"]
[WhiteTeam "White Rose 1"]
[BlackTeam "Wood Green HK"]
[WhiteFideId "407372"]
[BlackFideId "2400553"]
[EventDate "2014.11.15"]

1. e4 c5 2. Nf3 e6 3. Nc3 Nc6 4. d4 cxd4 5. Nxd4 Nf6 6. Be2 d6 7. Be3 Be7 8. O-O
Bd7 9. f4 Nxd4 10. Qxd4 Bc6 11. b4 b6 12. Bf3 O-O 13. Rad1 Rc8 14. Bf2 Qc7 15.
a3 Rfd8 16. Qe3 Bb7 17. Nb5 Qxc2 18. e5 Nd5 19. Bxd5 Bxd5 20. exd6 Bf8 21. Nxa7
Rc3 22. Qxb6 Rxd6 23. Qb8 Rd3 24. Rc1 Rg3 25. hxg3 Qe4 0-1

[Event "4NCL 2014-15"]
[Site "Hinckley Island ENG"]
[Date "2015.02.15"]
[Round "6.114"]
[White "Greet, Andrew N"]
[Black "Webb, Matthew D"]
[Result "1-0"]
[WhiteTitle "IM"]
[WhiteElo "2454"]
[BlackElo "2194"]
[WhiteTeam "Wood Green HK"]
[BlackTeam "White Rose 1"]
[WhiteFideId "405817"]
[BlackFideId "418250"]
[EventDate "2014.11.15"]

1. d4 Nf6 2. c4 g6 3. g3 Bg7 4. Bg2 O-O 5. Nc3 d6 6. Nf3 Nbd7 7. O-O e5 8. Qc2
Re8 9. Rd1 c6 10. e4 exd4 11. Nxd4 Qa5 12. h3 Nb6 13. b3 d5 14. exd5 cxd5 15.
cxd5 Nfxd5 16. Nxd5 Nxd5 17. Bb2 Rd8 18. a3 Qb6 19. Rd2 Nf6 20. Rad1 Bd7 21. b4
Bh6 22. Rd3 Rac8 23. Qb3 Re8 24. a4 a6 25. b5 a5 26. Rc3 Bg7 27. Rxc8 Bxc8 28.
Rc1 h5 29. Qc4 Rd8 30. Nf3 Ne4 31. Qxe4 Bxb2 32. Re1 Qf6 33. h4 b6 34. Qc6 Bd7
35. Qc7 Bg4 36. Ng5 Rc8 37. Qb7 Bd4 38. Bf3 Rc2 39. Rf1 Ra2 40. Kg2 Qf5 41. Qc6
Bc5 42. Qa8+ Kg7 43. Qb7 Bxf3+ 44. Qxf3 Qxf3+ 45. Kxf3 Ra3+ 46. Ke4 Rxa4+ 47.
Kd5 Rd4+ 48. Kc6 Rd6+ 49. Kc7 Rd2 50. Ne4 Rb2 51. Nxc5 Rxb5 52. Na4 1-0

[Event "4NCL 2014-15"]
[Site "Hinckley Island ENG"]
[Date "2015.02.15"]
[Round "6.115"]
[White "Gourlay, Iain"]
[Black "McDonald, Neil"]
[Result "1-0"]
[WhiteTitle "FM"]
[BlackTitle "GM"]
[WhiteElo "2378"]
[BlackElo "2415"]
[WhiteTeam "White Rose 1"]
[BlackTeam "Wood Green HK"]
[WhiteFideId "2401533"]
[BlackFideId "400629"]
[EventDate "2014.11.15"]

1. Nf3 d5 2. c4 c6 3. g3 Nf6 4. Bg2 Bg4 5. Ne5 Be6 6. cxd5 Bxd5 7. Nf3 c5 8. Nc3
Bc6 9. O-O e6 10. Re1 Nbd7 11. e4 e5 12. d3 Bd6 13. Nh4 g6 14. f4 Qc7 15. Rf1
O-O-O 16. Be3 Kb8 17. Rc1 h5 18. h3 Qa5 19. Qb3 Rhf8 20. f5 g5 21. Bxg5 Rg8 22.
Nf3 Rg7 23. Ne2 Rdg8 24. Bh6 Rh7 25. Bd2 Qa6 26. Kh2 Nxe4 27. dxe4 Qxe2 28. Rce1
Qa6 29. f6 c4 30. Qc3 Rhh8 31. Ng5 Rf8 32. Be3 Bc7 33. Rc1 Bb5 34. b3 Ba5 35. b4
Bb6 36. Bxb6 Qxb6 37. Rf5 Ka8 38. a4 Bxa4 39. Qxc4 Nxf6 40. Qc5 Qxc5 41. bxc5
Nd7 42. Nxf7 Rhg8 43. Nd6 Rh8 44. Rcf1 Bc6 45. Nf7 Rhg8 46. Rxh5 a5 47. Nxe5
Nxe5 48. Rxe5 Rxf1 49. Bxf1 a4 50. Bc4 Rd8 51. g4 Rd2+ 52. Kg3 a3 53. g5 Rd3+
54. Kf4 Rd2 55. g6 Rf2+ 56. Kg3 Rf6 57. Rg5 Bxe4 58. g7 Bh7 59. g8=Q+ Bxg8 60.
Bxg8 Rf1 61. h4 Ra1 62. h5 Ka7 63. Kg4 a2 64. Bxa2 Rxa2 65. h6 Rh2 66. Rh5 Rg2+ 1-0

[Event "4NCL 2014-15"]
[Site "Hinckley Island ENG"]
[Date "2015.02.15"]
[Round "6.116"]
[White "Pein, Malcolm"]
[Black "McNab, Colin A"]
[Result "0-1"]
[WhiteTitle "IM"]
[BlackTitle "GM"]
[WhiteElo "2344"]
[BlackElo "2426"]
[WhiteTeam "Wood Green HK"]
[BlackTeam "White Rose 1"]
[WhiteFideId "400289"]
[BlackFideId "2400030"]
[EventDate "2014.11.15"]

1. d4 g6 2. c4 d6 3. Nc3 e5 4. Nf3 Bg7 5. e4 Nc6 6. dxe5 dxe5 7. Qxd8+ Kxd8 8.
Bg5+ f6 9. O-O-O+ Bd7 10. Be3 Kc8 11. h4 Nh6 12. h5 g5 13. Nd5 Be6 14. c5 Ng4
15. Bc4 Re8 16. b4 Nxb4 17. Bb3 Na6 18. Nd2 Bf8 19. f3 Nxe3 20. Nxe3 Nxc5 21.
Bxe6+ Nxe6 22. Ng4 Be7 23. Nc4 Nd4 24. Nce3 a5 25. Nf5 Nxf5 26. exf5 Ra6 27. Rd5
Rd8 28. Rhd1 Rxd5 29. Rxd5 c6 30. Rd3 Kc7 31. Kc2 a4 32. g3 Ra5 33. Ne3 b5 34.
f4 gxf4 35. gxf4 exf4 36. Ng2 b4 37. Nxf4 Rxf5 38. Ne6+ Kc8 0-1